000
00325pab a2200145 454500
008
180718b1998 xxu||||| |||| 00| 0 eng d
100
_a
Pai Panandiker, V.A.
245
_a
Save the citizen
260
_c
1998
300
_a
p.13
362
_a
8 Aug
650
_a
Constitutions
773
_a
Hindustan Times
909
_a
39517
999
_c
39517
_d
39517